000 00653nam a2200181Ia 4500
008 100917s9999 xx 000 0 und d
082 _b47906
100 _aरजनीश
245 _aर्संन्यासयोग मोक्षमार्ग
260 _bजीवन जागृती केंद्र प्रकाशन
_c1980
300 _a427
365 _b50
520 _aअध्यात्म
630 _aर्संन्यासयोग मोक्षमार्ग
650 _aअध्यात्म
730 _aर्संन्यासयोग मोक्षमार्ग
942 _cBOOK
999 _c653300
_d653297